| 000 | 00834nam a2200289Ia 4500 | ||
|---|---|---|---|
| 001 | dia_1241 | ||
| 003 | CHAP | ||
| 005 | 20230126113025.0 | ||
| 008 | 220117s1955 xx 000 0 und d | ||
| 010 | _a171783 | ||
| 040 | _cCHAP | ||
| 082 | _a539.7 K37 1955 | ||
| 100 |
_aKaplan, Irving _9150346 |
||
| 245 |
_aNuclear physics / _c Irving Kaplan |
||
| 260 |
_aEstados Unidos de América : _b Addison-Wesley, _c1955 |
||
| 300 | _axi, 609 p. | ||
| 440 |
_aThe A-W series in nuclear science and engineering _9150347 |
||
| 503 | _aD. | ||
| 504 | _aIncluye bibliografías | ||
| 590 | _aQC173 K37 1955 | ||
| 650 |
_aFísica nuclear _941999 |
||
| 650 |
_aNuclear physics _9150348 |
||
| 901 | _a539.7 K37 1955 | ||
| 902 | _aM | ||
| 905 | _a5232271955 -usndnm8222223322eng16 | ||
| 942 |
_cLIBRO _2ddc |
||
| 999 |
_c171783 _d171783 |
||